| 000 | 00714nam a22002297a 4500 | ||
|---|---|---|---|
| 003 | OSt | ||
| 005 | 20150612175153.0 | ||
| 008 | 150612b xxu||||| |||| 00| 0 eng d | ||
| 020 | _a0324003242 | ||
| 040 | _c04 | ||
| 082 | _a658 AND 2000 | ||
| 100 |
_aAnderson David R _92726 |
||
| 245 |
_aAn Introduction to management Science : _bQuantitative Approaches to Decision Making / _cAnderson, Sweeney, Williams |
||
| 250 | _a9th ed | ||
| 260 |
_aLondon : _bSouth-Western College Publishing; _c2000. |
||
| 300 |
_a560 p : _bill; _c29 cm |
||
| 504 | _aIncludes answers and index | ||
| 650 |
_aManagement Science _95289 |
||
| 700 |
_aSweeny Dennis J _95290 |
||
| 700 |
_aWilliams Thomas Louks _95291 |
||
| 942 |
_2z _cSLOAN |
||
| 999 |
_c2039 _d2039 |
||